000
00328nam a2200145Ia 4500
008
230312s9999||||xx |||||||||||||| ||und||
082
_a
337
_b
ASL-G
100
_a
M. Aslam Chaudhary
245
0
_a
Globalization
260
_b
Ferozsons Pvt Ltd
_a
Pakistan
300
_a
233
546
_a
Eng.
650
_a
Economics
942
_c
BK
999
_c
6023
_d
6023